000 00802nam a2200217 u 4500
005 20231013063627.0
008 190222s2009 mx r 000 0 spa d
020 _a9786074692044
035 _aUPN01000229221
049 _aLTG
050 4 _aLB1583
_bM6.4 2009
245 0 0 _aGeografía :
_bcuarto grado : bloques I y II /
_cMaría Alejandra Acosta García ... [et al.].
260 _aMéxico :
_bSEP, Comisión Nacional de Libros de Texto Gratuitos,
_c2009.
300 _a87 p. :
_bil. col.
440 0 _aArticulación de la educación básica.
_pFase experimental
650 4 _aGeografía
_xEstudio y enseñanza (Elemental)
_92801
650 2 _aEducación primaria
_zMéxico
_vLibros de texto
_913744
700 1 _aAcosta García, María Alejandra,
_ecoaut.
905 _aLibro
999 _c201316
_d201316